| 000 | 00349nam a2200121Ia 4500 | ||
|---|---|---|---|
| 008 | 240521s2007 xx 000 0 und d | ||
| 041 | _aeng | ||
| 082 | _a720.472 | ||
| 100 | _aCII | ||
| 245 | _aMANUAL ON ENERGY EFFICIENCY AT DESIGN STAGE ADB ENERGY EFFICIEENCY SUPPORT PROJECT | ||
| 260 |
_bCONFEDERATION OF INDIA INDUSTRA _c2007 |
||
| 300 | _a272 | ||
| 999 |
_c1162343 _d1162343 |
||